000 00307nam a2200121Ia 4500
008 151213s9999 xx 000 0 und d
245 _aChambers 21st century dictionary
260 _aNew Delhi
_bAllied Chambers
300 _a796 p.
650 _a English Language
650 _a English Language
999 _c956
_d956